Fifty States in Three Minutes - Statistics

General Stats
  • This quiz has been taken 3,526 times
  • The average score is 36 of 50
Answer Stats
State % Correct
California
91%
Alabama
90%
Alaska
87%
Florida
86%
Arizona
85%
New York
84%
Arkansas
83%
Hawaii
82%
Georgia
81%
Colorado
80%
Maine
80%
Idaho
78%
New Mexico
77%
North Dakota
77%
Texas
77%
Illinois
75%
Kansas
75%
North Carolina
75%
Kentucky
74%
South Dakota
74%
Washington
74%
Indiana
73%
Michigan
73%
Ohio
73%
Delaware
72%
New Jersey
72%
South Carolina
72%
Iowa
71%
Nevada
71%
Maryland
70%
Mississippi
70%
Connecticut
69%
Louisiana
69%
Montana
69%
New Hampshire
69%
Oregon
68%
Virginia
67%
Nebraska
64%
Massachusetts
63%
Missouri
63%
Rhode Island
63%
Minnesota
62%
Vermont
62%
West Virginia
62%
Wyoming
62%
Utah
61%
Oklahoma
58%
Pennsylvania
58%
Tennessee
58%
Wisconsin
55%
No matching quizzes found
Score Distribution
Percent of People with Each Score
Percentile by Number Answered
Your Score History
You have not taken this quiz